[Event "23rd ETCC Open 2021"]
[Site "Catez"]
[Date "2021.11.13"]
[Round "2.42"]
[White "McShane, Luke J"]
[Black "Sanikidze, Tornike"]
[Result "1/2-1/2"]
[WhiteElo "2667"]
[BlackElo "2458"]
[Annotator "TA"]
[PlyCount "173"]
[EventDate "2021.11.08"]
[EventType "team-tourn"]
[EventCountry "SLO"]
[SourceTitle "playchess.com"]
[Source "ChessBase"]
[SourceQuality "1"]
[WhiteTeam "England"]
[BlackTeam "Georgia"]
[WhiteTeamCountry "ENG"]
[BlackTeamCountry "GEO"]

{[%evp 13,172,2,8,0,18,11,37,37,32,35,36,14,45,43,45,45,45,19,12,14,27,18,45,
29,34,8,25,8,65,58,68,44,50,59,67,72,85,85,85,79,85,85,85,68,82,67,83,29,61,18,
18,18,18,16,24,19,48,18,81,91,69,51,53,15,15,15,18,20,156,162,167,156,157,166,
194,148,268,268,268,268,315,252,227,217,485,337,270,319,317,314,312,312,262,0,
0,0,0,0,0,0,0,0,0,0,0,0,0,0,0,0,0,0,0,0,0,0,0,0,0,0,0,0,0,0,8,8,8,8,8,8,8,8,8,
8,8,8,8,8,8,0,0,0,8,0,8,0,8,0,8,0,8,0,0,0,0,0,0,0,0,0,0]} 1. e4 e5 2. Nf3 Nc6
3. d4 exd4 4. Nxd4 Bc5 5. Nxc6 Qf6 6. Qf3 Qxf3 7. gxf3 bxc6 8. Nc3 {C45:
Scotch Game.} Ne7 9. h4 h5 10. Be3 {White is slightly better.} Bxe3 11. fxe3 d6
{[#]} 12. Bd3 $146 ({Predecessor:} 12. Be2 Ng6 13. f4 Bg4 14. Bxg4 hxg4 15. h5
Ne7 16. Rh4 Ng6 17. Rh1 Ne7 18. Rh4 Ng6 19. Rh1 {1/2-1/2 (19) Radjabov,T (2751)
-Akopian,V (2679) Elista 2008}) 12... a5 13. O-O-O Ba6 14. Rdg1 g6 15. Rg5 Bxd3
16. cxd3 f6 17. Rg2 Kf7 18. d4 a4 19. Ne2 Ra5 20. Nf4 Rg8 (20... c5 $11) 21.
Nd3 $14 Rh8 22. Rhg1 Rg8 23. Rh2 Rh8 24. Kd2 Rb5 25. Rc1 Ra8 26. Rc3 Rab8 27.
Rc4 Ra5 28. Kc3 Ke6 29. Kc2 Kd7 30. Rc3 (30. Kd2 $16) 30... Rh8 31. Nf4 g5 32.
hxg5 Rxg5 33. Kd3 h4 34. Rc1 Rg3 35. Rf1 Ng6 (35... f5 $11) 36. Ne2 $16 Rg5 37.
f4 (37. Nc3 {is more complex.} a3 38. bxa3 c5 39. f4 Rg3 40. dxc5 dxc5 41. Ne2)
37... Rg4 38. Rg1 Rxg1 39. Nxg1 $11 {[%mdl 4096] Endgame KRN-KRN} d5 40. Nf3
Rb8 (40... a3 $11 {keeps the balance.}) 41. e5 $1 $16 ({Worse is} 41. Nxh4 Nxh4
42. Rxh4 Rxb2 $11) 41... Ke6 42. Nxh4 Nxh4 43. Rxh4 Rxb2 $18 {KR-KR} 44. Rh6
Rxa2 45. Rxf6+ Kd7 46. Rf7+ $1 Kd8 47. Rf8+ Ke7 48. Ra8 a3 $2 (48... Ra3+ {
might work better.} 49. Kd2 Ke6) 49. Ra7 Kd7 50. f5 Rf2 51. f6 $1 ({Not} 51.
Rxa3 Rxf5 52. Ra1 Rh5 $11) 51... a2 {[#]} 52. Ra6 $1 Ke8 {[#]} ({Reject} 52...
Ke6 53. Rxc6+ Kf5 54. f7) 53. Kc3 $2 ({Only move:} 53. e4 $1 $18) 53... Kf7 $11
{The position is equal.} 54. Kb3 c5 55. dxc5 Rf5 56. Kc3 {Strongly threatening
Kd4.} Rxe5 57. Kd4 Re6 58. Ra7 (58. Rxa2 {looks sharper.} c6 59. Kd3 Kxf6 60.
Ra6 Kf5 61. Ra7) 58... Kxf6 59. Kxd5 Rxe3 60. Rxa2 Re6 $1 61. Ra7 c6+ 62. Kd4
Re1 63. Rc7 Re6 (63... Ke6 {keeps more tension.} 64. Rxc6+ Ke7 65. Kd5 Kd7 66.
Rh6 Rd1+) 64. Kc3 {Black should prevent Kb4.} Re5 65. Kd4 Re1 66. Rxc6+ Ke7 $1
67. Rc7+ Kd8 68. Ra7 (68. Rg7 {looks sharper.} Re7 69. Rg5 Kc7 70. Kc4 Re1 71.
Kb5) 68... Rh1 (68... Re7 {looks sharper.} 69. Ra1 Kc7 70. Kd5 Rd7+ 71. Kc4 Rd8
) 69. Kc4 Kc8 70. Re7 Rg1 71. Kb5 Rg6 72. Ra7 Kb8 73. Rd7 Kc8 74. Rh7 $1 Kb8
75. Kc4 (75. Rh8+ {with more complications.} Kb7 76. Rh2 Kc8 77. Rh3 Kb8 78.
Rh5) 75... Kc8 76. Kd5 Rg5+ 77. Kc4 (77. Kd6 {is interesting.} Rg6+ 78. Ke7 Kc7
79. Kf7 Rg4 80. Ke8+) 77... Rg6 78. Re7 Rg4+ 79. Kb5 Rg6 80. Rh7 Kb8 81. Rd7 (
81. Rf7 {is more complex.} Kc8 82. Rf8+ Kc7 83. Rf1 Kb7 84. Re1) 81... Kc8 82.
Rd6 (82. Re7 {seems wilder.} Kb8 83. Rf7 Kc8 84. Rf8+ Kc7 85. Rf1) 82... Rxd6
83. cxd6 {White threatens Kc6 and mate.} Kd7 84. Kc5 Kd8 85. Kc6 $1 {Intending
d7 and mate.} Kc8 86. d7+ Kd8 87. Kd6 {Black defended with fortune.  Weighted
Error Value: White=0.13/Black=0.18} 1/2-1/2

[Event "23rd ETCC Open 2021"]
[Site "Catez"]
[Date "2021.11.13"]
[Round "2.43"]
[White "Paichadze, Luka"]
[Black "Jones, Gawain C B"]
[Result "1/2-1/2"]
[WhiteElo "2551"]
[BlackElo "2654"]
[Annotator "TA"]
[PlyCount "80"]
[EventDate "2021.11.08"]
[EventType "team-tourn"]
[EventCountry "SLO"]
[SourceTitle "playchess.com"]
[Source "ChessBase"]
[SourceQuality "1"]
[WhiteTeam "Georgia"]
[BlackTeam "England"]
[WhiteTeamCountry "GEO"]
[BlackTeamCountry "ENG"]

{[%evp 11,80,-2,0,-25,-26,-26,-21,-26,-26,-26,-24,-39,-20,-27,-23,-25,-18,-26,
-34,-33,-29,-21,0,0,0,0,0,0,0,0,0,-10,-9,-37,-37,-37,-37,-39,-37,-37,-37,-37,
-37,-37,-37,-37,-37,-40,-7,-16,-16,-18,0,0,0,0,0,-8,0,-8,0,0,0,0,0,0,0,0,0,0,0]
} 1. e4 e5 2. Nc3 Nf6 3. Bc4 Nc6 4. d3 Bc5 5. Nf3 d6 6. h3 Na5 7. a3 {C50:
Hungarian Defence and Giuoco Pianissimo.} Nxc4 8. dxc4 Be6 {[#]} 9. b4 $146 ({
Predecessor:} 9. Qd3 h6 10. b3 a6 11. Be3 Bxe3 12. Qxe3 Qe7 13. Nd5 Bxd5 14.
cxd5 O-O 15. c4 {0-1 (43) Schmidt,D (1836)-Kahlert,T (1620) Playchess.com INT
2020}) 9... Bb6 10. Qd3 a5 11. Rb1 axb4 12. axb4 c6 13. O-O h6 14. Rd1 O-O 15.
Be3 Bxe3 16. Qxe3 Bxc4 17. Nxe5 $1 {[%mdl 64] [#] Pin} Be6 18. Nf3 Ra3 19. Rd3
Bc4 20. Rd4 b5 21. Qd2 Qe7 22. Re1 c5 23. Rxd6 {[#] Black must now prevent e5.}
cxb4 24. Nb1 Nxe4 25. Nxa3 bxa3 26. Ra6 {Hoping for Qd4.} Nxd2 27. Rxe7 Nxf3+
28. gxf3 $15 {[%mdl 4096] Endgame KRR-KRB} a2 29. Rea7 Bd5 {[%mdl 1024] Black
has compensation.} 30. Ra5 {The position is equal.} Rb8 31. Kg2 g5 32. Kg3 Kg7
33. f4 Kg6 34. R5a6+ Kf5 35. fxg5 hxg5 36. Rxa2 Bxa2 37. Rxa2 $11 {KR-KR} Re8
38. Ra7 f6 39. Rc7 Re5 40. c4 bxc4 {Weighted Error Value: White=0.04/Black=0.03
} 1/2-1/2

[Event "23rd ETCC Open 2021"]
[Site "Catez"]
[Date "2021.11.13"]
[Round "2.44"]
[White "Howell, David W L"]
[Black "Quparadze, Giga"]
[Result "1-0"]
[WhiteElo "2648"]
[BlackElo "2475"]
[Annotator "TA"]
[PlyCount "59"]
[EventDate "2021.11.08"]
[EventType "team-tourn"]
[EventCountry "SLO"]
[SourceTitle "playchess.com"]
[Source "ChessBase"]
[SourceQuality "1"]
[WhiteTeam "England"]
[BlackTeam "Georgia"]
[WhiteTeamCountry "ENG"]
[BlackTeamCountry "GEO"]

{[%evp 13,59,0,0,0,0,0,8,0,0,0,0,0,0,0,0,-19,-13,-46,0,-6,12,8,15,6,13,7,20,18,
120,121,151,147,167,123,133,129,139,151,130,105,373,367,369,369,461,459,443,
443]} 1. d4 Nf6 2. c4 e6 3. Nc3 Bb4 4. Qc2 O-O 5. e4 d5 6. e5 Ne4 7. Bd3 c5 8.
Nf3 {E32: Nimzo-Indian: Classical (4 Qc2): 4...0-0.} cxd4 9. Nxd4 Nd7 10. Bf4 {
The position is equal.} Qh4 {The main line 10...Qh4 scores better than 10...
Ndc5.} 11. g3 Qh5 12. O-O Bxc3 13. bxc3 g5 14. Be3 $5 {[%mdl 4] Leaves trodden
paths.} Nxe5 15. cxd5 exd5 {Black wants to play ...Ng4.} (15... Ng4 $5 16. Nf3
$8 exd5 $11) 16. f3 $132 {[%mdl 2048] White is not holding back} Nxd3 17. Qxd3
Nd6 18. g4 Qg6 19. Qxg6+ fxg6 20. Bxg5 {aiming for Be7.} Re8 {[#]} (20... Rf7
$11) 21. Bf4 $1 $16 {[%cal Rf4d6] [#]} Rd8 $146 ({Predecessor:} 21... Nc4 22.
Nb5 Rf8 23. Bh6 Rf7 24. Rae1 Bd7 25. Nc7 Rd8 26. Nxd5 Bb5 27. Rd1 Rd6 {1-0 (50)
Basso,P (2541)-Thorfinnsson,B (2439) Reykjavik 2021}) 22. Rfe1 {Hoping for
Bxd6.} Nf7 23. Re7 Kf8 24. Rc7 Re8 25. a4 Re7 26. Nb5 {[#] And now Rxe7 would
win.} Be6 $2 {[%mdl 8192] This costs Black the game.} (26... Rd7 $16) 27. Rxe7
$18 Kxe7 28. Re1 Nd8 29. Bg5+ ({Not} 29. Nc7 Rc8 $16) 29... Kd7 30. Nd4 {
Weighted Error Value: White=0.05/Black=0.28} 1-0

[Event "23rd ETCC Open 2021"]
[Site "Catez"]
[Date "2021.11.13"]
[Round "2.45"]
[White "Dardha, Daniel"]
[Black "Mastrovasilis, Dimitrios"]
[Result "0-1"]
[WhiteElo "2525"]
[BlackElo "2619"]
[Annotator "TA"]
[PlyCount "68"]
[EventDate "2021.11.08"]
[EventType "team-tourn"]
[EventCountry "SLO"]
[SourceTitle "playchess.com"]
[Source "ChessBase"]
[SourceQuality "1"]
[WhiteTeam "Belgium"]
[BlackTeam "Greece"]
[WhiteTeamCountry "BEL"]
[BlackTeamCountry "GRE"]

{[%evp 10,68,4,0,0,0,0,6,18,-2,0,-34,-50,-50,-43,-75,-63,-95,-96,-128,-124,
-133,-143,-135,-105,-88,-84,-98,-90,-106,-87,-142,-54,-51,-44,-56,-53,-53,-36,
-103,-89,-96,-100,-88,-65,-176,-181,-248,-256,-280,-262,-602,-588,-861,-859,
-2302,-989,-5497,-1183,-29994,-29995]} 1. d4 d5 2. c4 e6 3. Nc3 Nf6 4. Nf3 c5
5. cxd5 Nxd5 6. e3 cxd4 {D41: Queen's Gambit Declined: Semi-Tarrasch with 5
cxd5.} 7. exd4 Nxc3 8. bxc3 Qc7 {The position is equal.} 9. Rb1 {[#]} Bd6 $146
({Predecessor:} 9... Nd7 10. Bd3 Qxc3+ 11. Kf1 Be7 12. h4 O-O 13. Rh3 Nf6 14.
Ne5 Qa5 15. Rg3 Kh8 16. Bg5 h6 17. Bxh6 gxh6 18. Qf3 {1-0 (18) Carlsen,M (2855)
-Duda,J (2756) chess24.com INT 2021}) 10. Bd3 Qxc3+ 11. Kf1 Nd7 12. h4 Qc7 13.
Ng5 {[#]} Nf6 $1 14. h5 h6 15. Ne4 Nxe4 16. Bxe4 f5 17. Bf3 O-O 18. Qb3 Bd7 19.
g3 Bc6 20. d5 (20. Kg2 $142) 20... Bxd5 ({Better is} 20... exd5 $17 21. Bb2 Kh8
) 21. Bxd5 $15 exd5 22. Qxd5+ Rf7 23. Rh4 Rd8 {Threatens to win with ...Bxg3.}
24. Rc4 (24. Rd4 $15 Be7 25. Rc4 Rxd5 26. Rxc7) 24... Qe7 $17 {White must now
prevent ...Bb4.} 25. Qf3 Qe6 26. Rc2 b6 27. Re2 (27. Rb3 $15) 27... Qc4 $36 {
[%mdl 2048] Black is really pushing.} 28. Kg2 (28. Bf4 {is a better defense.})
28... f4 29. g4 Bf8 30. Kh2 $2 (30. Rd2 Rxd2 31. Bxd2) 30... Rd1 31. g5 hxg5
32. h6 gxh6 (32... g4 $142 33. h7+ Kh8) 33. Qh5 f3 {( -> ...Bd6+)} 34. Re8 {[#]
} Rh1+ $1 {[%mdl 576] Skewer.  Weighted Error Value: White=1.01/Black=0.47} 0-1

[Event "23rd ETCC Open 2021"]
[Site "Catez"]
[Date "2021.11.13"]
[Round "2.46"]
[White "Banikas, Hristos"]
[Black "Docx, Stefan"]
[Result "1/2-1/2"]
[WhiteElo "2592"]
[BlackElo "2432"]
[Annotator "ChessBase"]
[PlyCount "73"]
[EventDate "2021.11.08"]
[EventType "team-tourn"]
[EventCountry "SLO"]
[SourceTitle "playchess.com"]
[Source "ChessBase"]
[SourceQuality "1"]
[WhiteTeam "Greece"]
[BlackTeam "Belgium"]
[WhiteTeamCountry "GRE"]
[BlackTeamCountry "BEL"]
[TimeControl "40/5400+30:1800+30"]

1. d4 d5 2. c4 c6 3. Nc3 Nf6 4. e3 e6 5. b3 Bb4 6. Bb2 Ne4 7. Qc2 e5 8. a3 exd4
9. axb4 dxc3 10. Bxc3 O-O 11. Bd3 Nxc3 12. Qxc3 dxc4 13. bxc4 Na6 14. Ne2 Qe7
15. c5 Nc7 16. O-O Nd5 17. Qa3 Rd8 18. Rfe1 Qf6 19. Nd4 h5 20. b5 cxb5 21. Bxb5
Ne7 22. Be2 Bg4 23. Bf1 Nc6 24. Nxc6 Qxc6 25. Qb4 g6 26. Reb1 Bf5 27. Rb2 a5
28. Qa3 Rd5 29. Rc1 Rc8 30. Rb5 Rcd8 31. Rxa5 Bd3 32. Ra8 Bxf1 33. Rxd8+ Rxd8
34. Rxf1 Rc8 35. Qb2 Qd5 36. h3 Rxc5 37. Ra1 1/2-1/2

[Event "23rd ETCC Open 2021"]
[Site "Catez"]
[Date "2021.11.13"]
[Round "2.47"]
[White "Beukema, Stefan"]
[Black "Pavlidis, Antonios"]
[Result "1/2-1/2"]
[WhiteElo "2408"]
[BlackElo "2536"]
[Annotator "ChessBase"]
[PlyCount "72"]
[EventDate "2021.11.08"]
[EventType "team-tourn"]
[EventCountry "SLO"]
[SourceTitle "playchess.com"]
[Source "ChessBase"]
[SourceQuality "1"]
[WhiteTeam "Belgium"]
[BlackTeam "Greece"]
[WhiteTeamCountry "BEL"]
[BlackTeamCountry "GRE"]
[TimeControl "40/5400+30:1800+30"]

1. f4 g6 2. Nf3 Bg7 3. d3 c5 4. g3 Nc6 5. Bg2 e6 6. O-O Nge7 7. c3 O-O 8. e4 d6
9. a4 b6 10. Be3 Ba6 11. Na3 d5 12. e5 d4 13. cxd4 cxd4 14. Bf2 Qd7 15. Nb5 Nf5
16. Re1 Rfd8 17. Rc1 Bxb5 18. axb5 Nce7 19. Qa4 Rac8 20. Rxc8 Rxc8 21. Nxd4
Nxd4 22. Bxd4 Nf5 23. Bf2 Qxd3 24. Qxa7 Qxb5 25. g4 Nh6 26. Qxb6 Qxb6 27. Bxb6
Rb8 28. Bc7 Rxb2 29. Rd1 Bf8 30. Rd8 Kg7 31. h3 Bc5+ 32. Kh2 Be3 33. Kg3 Bf2+
34. Kh2 Be3 35. Kg3 Bf2+ 36. Kh2 Be3 1/2-1/2

[Event "23rd ETCC Open 2021"]
[Site "Catez"]
[Date "2021.11.13"]
[Round "2.48"]
[White "Kelires, Andreas"]
[Black "Verstraeten, Rein"]
[Result "1-0"]
[WhiteElo "2535"]
[BlackElo "2386"]
[Annotator "ChessBase"]
[PlyCount "41"]
[EventDate "2021.11.08"]
[EventType "team-tourn"]
[EventCountry "SLO"]
[SourceTitle "playchess.com"]
[Source "ChessBase"]
[SourceQuality "1"]
[WhiteTeam "Greece"]
[BlackTeam "Belgium"]
[WhiteTeamCountry "GRE"]
[BlackTeamCountry "BEL"]
[TimeControl "40/5400+30:1800+30"]

1. d4 Nf6 2. Nf3 e6 3. g3 b5 4. Bg2 Bb7 5. Bg5 c5 6. O-O d5 7. Nc3 b4 8. Na4
cxd4 9. Nxd4 Nbd7 10. c4 bxc3 11. Nxc3 h6 12. Bxf6 Nxf6 13. Qa4+ Qd7 14. Ncb5
Rc8 15. Rac1 a6 16. Rxc8+ Bxc8 17. Nc7+ Ke7 18. Nc6+ Kd6 19. Rc1 e5 20. Qb4+
Kxc7 21. Qb8# 1-0

[Event "23rd ETCC Open 2021"]
[Site "Catez"]
[Date "2021.11.13"]
[Round "2.49"]
[White "Vocaturo, Daniele"]
[Black "Laurusas, Tomas"]
[Result "1/2-1/2"]
[WhiteElo "2632"]
[BlackElo "2553"]
[Annotator "TA"]
[PlyCount "60"]
[EventDate "2021.11.08"]
[EventType "team-tourn"]
[EventCountry "SLO"]
[SourceTitle "playchess.com"]
[Source "ChessBase"]
[SourceQuality "1"]
[WhiteTeam "Italy"]
[BlackTeam "Lithuania"]
[WhiteTeamCountry "ITA"]
[BlackTeamCountry "LTU"]

{[%evp 15,60,47,53,11,26,22,33,28,23,29,35,31,25,22,28,13,23,0,10,0,0,-13,55,0,
29,22,20,25,14,17,14,0,0,0,0,0,0,0,0,0,0,0,0,0,0,0,0]} 1. e4 e5 2. Nf3 Nf6 3.
Nxe5 d6 4. Nf3 Nxe4 5. d4 d5 6. Bd3 Be7 7. O-O O-O 8. Re1 Bf5 9. Nbd2 $1 {
[%cal Rd2e4][%mdl 4] outshines the older 9.c4. C42: Petroff Defence: 3 Nxe5
and unusual White 3rd moves.} Nd6 $1 10. Nf1 Nd7 11. Bf4 {[#] And now Bxd6
would win.White is slightly better.} Bxd3 12. Qxd3 Re8 13. Re2 c6 14. Rae1 {
Black must now prevent Bxd6.} Nf6 15. Ng3 Bf8 16. Rxe8 Ndxe8 {[#]} 17. h4 $146
({Predecessor:} 17. Ne5 Qa5 18. c3 Qxa2 19. Nf5 Qxb2 20. Qg3 g6 21. Bh6 Qc2 22.
Bxf8 Qxf5 23. Bh6 {0-1 (38) Muzychuk,M (2540)-Ju,W (2575) St Petersburg 2018})
17... Qa5 18. a3 Qb5 (18... Qb6 $11) 19. Qc3 (19. Qxb5 $14 cxb5 20. Nf5) 19...
Nd6 20. Bxd6 Bxd6 21. Nf5 Ne4 22. Nxd6 {The position is equal.} ({Much worse is
} 22. Rxe4 dxe4 23. Nxd6 Qd5 $17) 22... Nxd6 23. Nd2 Re8 24. Rxe8+ Nxe8 25. Qe3
{[%cal Re3e8] [#]} Kf8 26. b3 Qa5 27. a4 Qd8 28. Nf3 Qe7 29. Qf4 Nd6 30. Kf1
Ke8 {Weighted Error Value: White=0.08/Black=0.09} 1/2-1/2

[Event "23rd ETCC Open 2021"]
[Site "Catez"]
[Date "2021.11.13"]
[Round "2.50"]
[White "Kazakouski, Valery"]
[Black "Moroni, Luca Jr"]
[Result "1/2-1/2"]
[WhiteElo "2490"]
[BlackElo "2580"]
[Annotator "TA"]
[PlyCount "60"]
[EventDate "2021.11.08"]
[EventType "team-tourn"]
[EventCountry "SLO"]
[SourceTitle "playchess.com"]
[Source "ChessBase"]
[SourceQuality "1"]
[WhiteTeam "Lithuania"]
[BlackTeam "Italy"]
[WhiteTeamCountry "LTU"]
[BlackTeamCountry "ITA"]

{[%evp 9,60,0,0,0,0,0,16,0,3,0,30,14,27,14,15,7,2,12,15,-8,0,-3,0,-1,14,0,6,6,
10,0,6,0,15,0,0,0,0,0,0,0,0,0,0,0,0,0,0,0,0,0,0,0,0]} 1. d4 Nf6 2. c4 g6 3. g3
c6 4. Bg2 d5 5. Qa4 Nfd7 6. cxd5 {D71: Fianchetto Grünfeld: 3 g3 d5 sidelines
and 5 cxd5 (without Nf3).} Nb6 {[%mdl 64] [#] Double Attack} 7. Qd1 cxd5 8. e3
Nc6 9. Ne2 Bg4 10. Nbc3 {[%cal Bb1c3,Bc3e2,Be2f4][%mdl 32] [#]} Bxe2 $146 ({
Predecessor:} 10... Bg7 11. a4 Bxe2 12. Qxe2 e6 13. O-O O-O 14. b3 Rc8 15. Bd2
a6 16. Rfb1 Qe7 {1/2-1/2 (40) Andersen,M (2601)-Pultinevicius,P (2503) Batumi
2019}) 11. Nxe2 Rc8 {The position is equal.} 12. Nf4 e6 13. O-O Bd6 14. e4 {
[%cal Re4d5]} dxe4 15. Bxe4 O-O 16. d5 exd5 17. Nxd5 Nxd5 18. Qxd5 Be5 19. Bh6
Re8 20. Qxd8 Nxd8 21. Rae1 Bg7 22. Bf5 Ne6 23. Bxe6 Rxe6 24. Bxg7 Kxg7 25. Rxe6
fxe6 $11 {KR-KR} 26. Rd1 Rc7 27. Kg2 Kf6 28. Rd2 h5 29. h4 b6 30. Kf3 Kf5 {
Not much happened in this game.  Weighted Error Value: White=0.04/Black=0.04}
1/2-1/2

[Event "23rd ETCC Open 2021"]
[Site "Catez"]
[Date "2021.11.13"]
[Round "2.51"]
[White "Valsecchi, Alessio"]
[Black "Klabis, Rokas"]
[Result "1-0"]
[WhiteElo "2527"]
[BlackElo "2353"]
[Annotator "ChessBase"]
[PlyCount "73"]
[EventDate "2021.11.08"]
[EventType "team-tourn"]
[EventCountry "SLO"]
[SourceTitle "playchess.com"]
[Source "ChessBase"]
[SourceQuality "1"]
[WhiteTeam "Italy"]
[BlackTeam "Lithuania"]
[WhiteTeamCountry "ITA"]
[BlackTeamCountry "LTU"]
[TimeControl "40/5400+30:1800+30"]

1. d4 Nf6 2. c4 e6 3. Nc3 Bb4 4. e3 O-O 5. Bd3 d5 6. cxd5 exd5 7. Nge2 Re8 8.
Bd2 b6 9. Rc1 Bf8 10. O-O Bb7 11. Nf4 Nbd7 12. f3 c5 13. g4 h6 14. Rf2 a6 15.
h4 Bd6 16. Nce2 Nf8 17. Rg2 N6h7 18. Qe1 Ne6 19. Qf2 Nhf8 20. Nxe6 Nxe6 21. f4
Rc8 22. f5 Nf8 23. g5 hxg5 24. hxg5 cxd4 25. exd4 Rxc1+ 26. Bxc1 Bc8 27. Qh4
Bd7 28. f6 Ng6 29. Bxg6 fxg6 30. Rf2 Bf5 31. fxg7 Qe7 32. Qh8+ Kf7 33. Rxf5+
gxf5 34. g6+ Kxg6 35. g8=Q+ Rxg8 36. Qxg8+ Kh5 37. Bf4 1-0

[Event "23rd ETCC Open 2021"]
[Site "Catez"]
[Date "2021.11.13"]
[Round "2.52"]
[White "Brazdzionis, Andrius"]
[Black "Lodici, Lorenzo"]
[Result "0-1"]
[WhiteElo "2356"]
[BlackElo "2529"]
[Annotator "ChessBase"]
[PlyCount "96"]
[EventDate "2021.11.08"]
[EventType "team-tourn"]
[EventCountry "SLO"]
[SourceTitle "playchess.com"]
[Source "ChessBase"]
[SourceQuality "1"]
[WhiteTeam "Lithuania"]
[BlackTeam "Italy"]
[WhiteTeamCountry "LTU"]
[BlackTeamCountry "ITA"]
[TimeControl "40/5400+30:1800+30"]

1. d4 Nf6 2. c4 e6 3. Nf3 c5 4. d5 exd5 5. cxd5 d6 6. Nc3 g6 7. Nd2 Bg7 8. e4
O-O 9. Be2 Na6 10. O-O Nc7 11. a4 b6 12. Nc4 Re8 13. f3 Ba6 14. Kh1 Qd7 15. Bg5
Rab8 16. Qd2 Bxc4 17. Bxc4 a6 18. Be2 Ra8 19. g4 b5 20. a5 Qe7 21. Rae1 Qf8 22.
Bd1 Nd7 23. Bc2 Rac8 24. f4 b4 25. Nd1 Nb5 26. e5 dxe5 27. f5 Qd6 28. Ne3 Nd4
29. Be4 c4 30. f6 Bxf6 31. Bxf6 Nxf6 32. Bg2 Nd7 33. Qf2 f6 34. Rc1 c3 35. bxc3
bxc3 36. Qa2 Kg7 37. Qa4 Nb5 38. g5 Rf8 39. gxf6+ Rxf6 40. Rxf6 Nxf6 41. Nc4
Qc5 42. Nb6 Qe3 43. Qa1 Ng4 44. h3 Nf2+ 45. Kh2 Rf8 46. d6 Qf4+ 47. Kg1 Nd3 48.
Rxc3 Qd4+ 0-1

[Event "23rd ETCC Open 2021"]
[Site "Catez"]
[Date "2021.11.13"]
[Round "2.53"]
[White "Mehmeti, Dritan"]
[Black "Dragnev, Valentin"]
[Result "1/2-1/2"]
[WhiteElo "2391"]
[BlackElo "2548"]
[Annotator "ChessBase"]
[PlyCount "94"]
[EventDate "2021.11.08"]
[EventType "team-tourn"]
[EventCountry "SLO"]
[SourceTitle "playchess.com"]
[Source "ChessBase"]
[SourceQuality "1"]
[WhiteTeam "Albania"]
[BlackTeam "Austria"]
[WhiteTeamCountry "ALB"]
[BlackTeamCountry "AUT"]
[TimeControl "40/5400+30:1800+30"]

1. d4 Nf6 2. Nf3 g6 3. Nbd2 d5 4. e3 Bg7 5. Bd3 O-O 6. O-O c5 7. c3 Nfd7 8. e4
cxd4 9. cxd4 dxe4 10. Nxe4 Nc6 11. Bb5 Nb6 12. Bxc6 bxc6 13. h3 Be6 14. Re1 Nc4
15. b3 Nd6 16. Ba3 Bd5 17. Ned2 Re8 18. Bc5 Nb7 19. Qc2 Nxc5 20. Qxc5 Bf8 21.
Qc2 Rc8 22. Rad1 a5 23. a4 Qb6 24. Nc4 Qa7 25. Nfe5 Red8 26. Qd2 Ra8 27. Qf4
Rab8 28. Rd3 Rb4 29. Rc1 Rdb8 30. Ne3 f6 31. Nxc6 Bxc6 32. Rxc6 Rxb3 33. Rxb3
Rxb3 34. Rc8 Qd7 35. Ra8 Rb1+ 36. Kh2 Rb4 37. Qh6 Qd6+ 38. g3 Rb8 39. Rxb8 Qxb8
40. Qf4 Qxf4 41. gxf4 e6 42. Kg3 Bd6 43. Kf3 Kf7 44. Nc4 Bc7 45. Ke4 h5 46. f3
Ke7 47. d5 f5+ 1/2-1/2

[Event "23rd ETCC Open 2021"]
[Site "Catez"]
[Date "2021.11.13"]
[Round "2.54"]
[White "Blohberger, Felix"]
[Black "Pasko, Llambi"]
[Result "1/2-1/2"]
[WhiteElo "2490"]
[BlackElo "2417"]
[Annotator "ChessBase"]
[PlyCount "111"]
[EventDate "2021.11.08"]
[EventType "team-tourn"]
[EventCountry "SLO"]
[SourceTitle "playchess.com"]
[Source "ChessBase"]
[SourceQuality "1"]
[WhiteTeam "Austria"]
[BlackTeam "Albania"]
[WhiteTeamCountry "AUT"]
[BlackTeamCountry "ALB"]
[TimeControl "40/5400+30:1800+30"]

1. e4 c6 2. Nf3 d5 3. d3 Bg4 4. h3 Bxf3 5. Qxf3 e6 6. Nd2 Bd6 7. d4 dxe4 8.
Nxe4 Nf6 9. Nxd6+ Qxd6 10. c3 Nbd7 11. Be2 O-O 12. O-O e5 13. Rd1 Rfe8 14. dxe5
Qxe5 15. Bf1 Nf8 16. Be3 Ne6 17. Re1 Qd5 18. Qxd5 Nxd5 19. Bd2 Rad8 20. Rad1 b6
21. g3 Rd7 22. Bc1 Red8 23. h4 Nf6 24. Rxd7 Rxd7 25. Bg2 c5 26. Bf1 Kf8 27. a4
Re7 28. Bc4 Nd8 29. Kf1 Rxe1+ 30. Kxe1 Ne6 31. f3 Ke7 32. Be3 Kd6 33. Ke2 Nd5
34. Bd2 f5 35. Bd3 g6 36. h5 Ke5 37. hxg6 hxg6 38. Bb5 Ndc7 39. Bc4 a6 40. Bd3
b5 41. f4+ Kf6 42. axb5 axb5 43. b3 Ke7 44. Kf3 Kf6 45. g4 Nd8 46. Be1 Nb7 47.
Bh4+ Ke6 48. Bf2 Kf6 49. Bf1 Ke6 50. Be2 Kf6 51. Bd3 Ke6 52. Bf1 Kf6 53. Bg2
Na5 54. gxf5 gxf5 55. Bxc5 Nxb3 56. Bd6 1/2-1/2

[Event "23rd ETCC Open 2021"]
[Site "Catez"]
[Date "2021.11.13"]
[Round "2.55"]
[White "Ashiku, Franc"]
[Black "Shengelia, David"]
[Result "1/2-1/2"]
[WhiteElo "2419"]
[BlackElo "2513"]
[Annotator "ChessBase"]
[PlyCount "81"]
[EventDate "2021.11.08"]
[EventType "team-tourn"]
[EventCountry "SLO"]
[SourceTitle "playchess.com"]
[Source "ChessBase"]
[SourceQuality "1"]
[WhiteTeam "Albania"]
[BlackTeam "Austria"]
[WhiteTeamCountry "ALB"]
[BlackTeamCountry "AUT"]
[TimeControl "40/5400+30:1800+30"]

1. d4 Nf6 2. c4 e6 3. Nc3 Bb4 4. Nf3 b6 5. Qc2 Bb7 6. a3 Bxc3+ 7. Qxc3 d6 8. e3
Nbd7 9. Be2 O-O 10. O-O Ne4 11. Qc2 a5 12. Ne1 f5 13. f3 Ng5 14. Nd3 e5 15. c5
dxc5 16. dxc5 e4 17. c6 exd3 18. Qxd3 Bxc6 19. Qc4+ Kh8 20. Qxc6 Nc5 21. Qb5 a4
22. Qb4 Nb3 23. Rb1 Ne6 24. Rd1 Qf6 25. Bd2 Nxd2 26. Qxd2 Nc5 27. Qd4 Qe7 28.
Bb5 Rad8 29. Qc3 Rf6 30. Qe5 Re6 31. Rxd8+ Qxd8 32. Qxf5 Rxe3 33. Kf2 g6 34.
Qf7 Qe7 35. Qxe7 Rxe7 36. Rd1 Re5 37. Bc6 Re6 38. Bd7 Re7 39. Bc6 Re6 40. Bd7
Re7 41. Bc6 1/2-1/2